<?xml version="1.0" encoding="UTF-8"?>
<collection xmlns="http://www.loc.gov/MARC21/slim">
 <record>
  <leader>03843cam a2200685   4500</leader>
  <controlfield tag="001">856731153</controlfield>
  <controlfield tag="003">DE-627</controlfield>
  <controlfield tag="005">20240309184859.0</controlfield>
  <controlfield tag="007">tu</controlfield>
  <controlfield tag="008">160411s2016    ne ||||| cc   00| ||eng c</controlfield>
  <datafield tag="020" ind1=" " ind2=" ">
   <subfield code="a">9789079310609</subfield>
   <subfield code="c"> : hbk.</subfield>
   <subfield code="9">978-90-79310-60-9</subfield>
  </datafield>
  <datafield tag="035" ind1=" " ind2=" ">
   <subfield code="a">(DE-627)856731153</subfield>
  </datafield>
  <datafield tag="035" ind1=" " ind2=" ">
   <subfield code="a">(DE-576)46788904X</subfield>
  </datafield>
  <datafield tag="035" ind1=" " ind2=" ">
   <subfield code="a">(DE-599)BSZ46788904X</subfield>
  </datafield>
  <datafield tag="035" ind1=" " ind2=" ">
   <subfield code="a">(OCoLC)944160367</subfield>
  </datafield>
  <datafield tag="040" ind1=" " ind2=" ">
   <subfield code="a">DE-627</subfield>
   <subfield code="b">ger</subfield>
   <subfield code="c">DE-627</subfield>
   <subfield code="e">rda</subfield>
  </datafield>
  <datafield tag="041" ind1=" " ind2=" ">
   <subfield code="a">eng</subfield>
  </datafield>
  <datafield tag="044" ind1=" " ind2=" ">
   <subfield code="c">XA-NL</subfield>
  </datafield>
  <datafield tag="050" ind1=" " ind2="0">
   <subfield code="a">N8237.3</subfield>
  </datafield>
  <datafield tag="082" ind1="0" ind2=" ">
   <subfield code="a">709.944</subfield>
  </datafield>
  <datafield tag="084" ind1=" " ind2=" ">
   <subfield code="a">9,10</subfield>
   <subfield code="2">ssgn</subfield>
  </datafield>
  <datafield tag="245" ind1="1" ind2="0">
   <subfield code="a">Easy virtue</subfield>
   <subfield code="b">prostitution in French art 1850-1910</subfield>
   <subfield code="c">text, Nienke Bakker, Isolde Pludermacher, Marie Robert, Richard Thomson, Aukje Vergeest ; editor, Aukje Vergeest, Nienke Bakker</subfield>
  </datafield>
  <datafield tag="264" ind1=" " ind2="1">
   <subfield code="a">Amsterdam</subfield>
   <subfield code="b">Van Gogh Museum</subfield>
   <subfield code="c">[2016]</subfield>
  </datafield>
  <datafield tag="264" ind1=" " ind2="4">
   <subfield code="c">©2016</subfield>
  </datafield>
  <datafield tag="300" ind1=" " ind2=" ">
   <subfield code="a">191 Seiten</subfield>
   <subfield code="c">23 cm</subfield>
  </datafield>
  <datafield tag="336" ind1=" " ind2=" ">
   <subfield code="a">unbewegtes Bild</subfield>
   <subfield code="b">sti</subfield>
   <subfield code="2">rdacontent</subfield>
  </datafield>
  <datafield tag="336" ind1=" " ind2=" ">
   <subfield code="a">Text</subfield>
   <subfield code="b">txt</subfield>
   <subfield code="2">rdacontent</subfield>
  </datafield>
  <datafield tag="337" ind1=" " ind2=" ">
   <subfield code="a">ohne Hilfsmittel zu benutzen</subfield>
   <subfield code="b">n</subfield>
   <subfield code="2">rdamedia</subfield>
  </datafield>
  <datafield tag="338" ind1=" " ind2=" ">
   <subfield code="a">Band</subfield>
   <subfield code="b">nc</subfield>
   <subfield code="2">rdacarrier</subfield>
  </datafield>
  <datafield tag="500" ind1=" " ind2=" ">
   <subfield code="a">Includes bibliographical references and index</subfield>
  </datafield>
  <datafield tag="500" ind1=" " ind2=" ">
   <subfield code="a">This cataloge was published on the occasion of the exhibition &quot;Easy Virtue. Prostitution in French Art, 1850-1910&quot;. The exhibition is organised by the Musée d'Orsay in Paris and the Van Gogh Museum in Amsterdam. &quot;Splendors and Miseries. Images of Prostitution in France, 1850-1910&quot;, Paris, Musée d'Orsay 22 September 2015 - 17 January 2016. &quot;Easy Virtue. Prostitution in French Art, 1850-1910&quot; Amsterdam, Van Gogh Museum 19 February - 19 June 2016. This publication is based on the exhibition cataloge &quot;Splendours and Miseries. Images of Prostitution in France, 1850-1910&quot;, Musée d'Orsay and Flammarion, Paris, 2015</subfield>
  </datafield>
  <datafield tag="583" ind1="1" ind2=" ">
   <subfield code="a">Archivierung/Langzeitarchivierung gewährleistet</subfield>
   <subfield code="f">SSG</subfield>
   <subfield code="x">XA-DE-BW</subfield>
   <subfield code="2">pdager</subfield>
   <subfield code="5">DE-16</subfield>
  </datafield>
  <datafield tag="650" ind1=" " ind2="0">
   <subfield code="a">Prostitutes in art</subfield>
  </datafield>
  <datafield tag="650" ind1=" " ind2="0">
   <subfield code="a">Art, French</subfield>
   <subfield code="x">19th century</subfield>
  </datafield>
  <datafield tag="650" ind1=" " ind2="0">
   <subfield code="a">Prostitutes in art</subfield>
  </datafield>
  <datafield tag="650" ind1=" " ind2="0">
   <subfield code="a">Art, French</subfield>
   <subfield code="x">19th century</subfield>
  </datafield>
  <datafield tag="655" ind1=" " ind2="7">
   <subfield code="a">Ausstellungskatalog</subfield>
   <subfield code="x">Musée d'Orsay</subfield>
   <subfield code="y">22.09.2015-17.01.2015</subfield>
   <subfield code="z">Paris</subfield>
   <subfield code="0">(DE-588)4135467-9</subfield>
   <subfield code="0">(DE-627)10566491X</subfield>
   <subfield code="0">(DE-576)209660988</subfield>
   <subfield code="2">gnd-content</subfield>
  </datafield>
  <datafield tag="655" ind1=" " ind2="7">
   <subfield code="a">Ausstellungskatalog</subfield>
   <subfield code="x">Van Gogh Museum</subfield>
   <subfield code="y">19.02.2016-19.06.2016</subfield>
   <subfield code="z">Amsterdam</subfield>
   <subfield code="0">(DE-588)4135467-9</subfield>
   <subfield code="0">(DE-627)10566491X</subfield>
   <subfield code="0">(DE-576)209660988</subfield>
   <subfield code="2">gnd-content</subfield>
  </datafield>
  <datafield tag="689" ind1="0" ind2="0">
   <subfield code="d">g</subfield>
   <subfield code="0">(DE-588)4018145-5</subfield>
   <subfield code="0">(DE-627)106327232</subfield>
   <subfield code="0">(DE-576)208922857</subfield>
   <subfield code="a">Frankreich</subfield>
   <subfield code="2">gnd</subfield>
  </datafield>
  <datafield tag="689" ind1="0" ind2="1">
   <subfield code="d">s</subfield>
   <subfield code="0">(DE-588)4121525-4</subfield>
   <subfield code="0">(DE-627)105768995</subfield>
   <subfield code="0">(DE-576)209543957</subfield>
   <subfield code="a">Prostituierte</subfield>
   <subfield code="g">Motiv</subfield>
   <subfield code="2">gnd</subfield>
  </datafield>
  <datafield tag="689" ind1="0" ind2="2">
   <subfield code="d">s</subfield>
   <subfield code="0">(DE-588)4134305-0</subfield>
   <subfield code="0">(DE-627)105673609</subfield>
   <subfield code="0">(DE-576)209651180</subfield>
   <subfield code="a">Bordell</subfield>
   <subfield code="g">Motiv</subfield>
   <subfield code="2">gnd</subfield>
  </datafield>
  <datafield tag="689" ind1="0" ind2="3">
   <subfield code="d">s</subfield>
   <subfield code="0">(DE-588)4114333-4</subfield>
   <subfield code="0">(DE-627)105822957</subfield>
   <subfield code="0">(DE-576)209483733</subfield>
   <subfield code="a">Kunst</subfield>
   <subfield code="2">gnd</subfield>
  </datafield>
  <datafield tag="689" ind1="0" ind2="4">
   <subfield code="a">z</subfield>
   <subfield code="2">gnd</subfield>
   <subfield code="a">Geschichte 1850-1910</subfield>
  </datafield>
  <datafield tag="689" ind1="0" ind2=" ">
   <subfield code="5">(DE-627)</subfield>
  </datafield>
  <datafield tag="700" ind1="1" ind2=" ">
   <subfield code="a">Vergeest, Aukje</subfield>
   <subfield code="e">HerausgeberIn</subfield>
   <subfield code="e">VerfasserIn von ergänzendem Text</subfield>
   <subfield code="4">edt</subfield>
   <subfield code="4">wst</subfield>
  </datafield>
  <datafield tag="700" ind1="1" ind2=" ">
   <subfield code="a">Bakker, Nienke</subfield>
   <subfield code="d">1972-</subfield>
   <subfield code="e">HerausgeberIn</subfield>
   <subfield code="e">VerfasserIn von ergänzendem Text</subfield>
   <subfield code="0">(DE-588)1016279779</subfield>
   <subfield code="0">(DE-627)705509842</subfield>
   <subfield code="0">(DE-576)351756752</subfield>
   <subfield code="4">edt</subfield>
   <subfield code="4">wst</subfield>
  </datafield>
  <datafield tag="710" ind1="2" ind2=" ">
   <subfield code="a">Musée d'Orsay</subfield>
   <subfield code="e">Gastgebende Institution</subfield>
   <subfield code="0">(DE-588)667289-9</subfield>
   <subfield code="0">(DE-627)101945426</subfield>
   <subfield code="0">(DE-576)192569015</subfield>
   <subfield code="4">his</subfield>
  </datafield>
  <datafield tag="710" ind1="2" ind2=" ">
   <subfield code="a">Van Gogh Museum</subfield>
   <subfield code="e">Gastgebende Institution</subfield>
   <subfield code="0">(DE-588)1086133978</subfield>
   <subfield code="0">(DE-627)850199573</subfield>
   <subfield code="0">(DE-576)457511818</subfield>
   <subfield code="4">his</subfield>
   <subfield code="4">isb</subfield>
  </datafield>
  <datafield tag="710" ind1="2" ind2=" ">
   <subfield code="a">Rijksmuseum Vincent van Gogh</subfield>
   <subfield code="e">Gastgebende Institution</subfield>
   <subfield code="0">(DE-588)1035547-9</subfield>
   <subfield code="0">(DE-627)103840877</subfield>
   <subfield code="0">(DE-576)191355631</subfield>
   <subfield code="4">his</subfield>
   <subfield code="4">isb</subfield>
  </datafield>
  <datafield tag="787" ind1="0" ind2="8">
   <subfield code="i">Rezensiert in</subfield>
   <subfield code="a">Weisberg, Gabriel P., 1942 - </subfield>
   <subfield code="t">Easy virtue</subfield>
   <subfield code="d">2016</subfield>
   <subfield code="w">(DE-627)1760132187</subfield>
  </datafield>
  <datafield tag="856" ind1="4" ind2="2">
   <subfield code="u">https://swbplus.bsz-bw.de/bsz46788904Xinh.htm</subfield>
   <subfield code="m">B:DE-576;DE-16</subfield>
   <subfield code="q">application/pdf</subfield>
   <subfield code="v">20160419114526</subfield>
   <subfield code="x">Verlag</subfield>
   <subfield code="3">Inhaltsverzeichnis</subfield>
  </datafield>
  <datafield tag="935" ind1=" " ind2=" ">
   <subfield code="i">Blocktest</subfield>
  </datafield>
  <datafield tag="951" ind1=" " ind2=" ">
   <subfield code="a">BO</subfield>
  </datafield>
  <datafield tag="990" ind1=" " ind2=" ">
   <subfield code="a">Frankreich</subfield>
  </datafield>
  <datafield tag="990" ind1=" " ind2=" ">
   <subfield code="a">Prostituierte</subfield>
  </datafield>
  <datafield tag="990" ind1=" " ind2=" ">
   <subfield code="a">Bordell</subfield>
  </datafield>
  <datafield tag="990" ind1=" " ind2=" ">
   <subfield code="a">Kunst</subfield>
  </datafield>
  <datafield tag="990" ind1=" " ind2=" ">
   <subfield code="a">Geschichte 1850-1910</subfield>
  </datafield>
  <datafield tag="991" ind1=" " ind2=" ">
   <subfield code="a">Rezensiertes Werk</subfield>
  </datafield>
  <datafield tag="999" ind1=" " ind2=" ">
   <subfield code="a">KXP-PPN856731153</subfield>
   <subfield code="e">4635349640</subfield>
  </datafield>
 </record>
</collection>
